000 00539nam a2200217 a 4500
999 _c1433
_d1433
001 1433
003 BD-JhCC
005 20171019202212.0
008 171019s bg ||||| |||| 00| 0 eng d
035 _a(BD-JhCC) 1433
040 _aBD-JhCC
_dBD-JhCC
041 _aeng
082 _a428.24076
_bKHA 2008
100 _aKhan, Saifur Rahman
245 _aSaifur's vocabulary /
_cSaifur Rahman Khan
260 _aDhaka :
_bSaifur's,
_c2008.
300 _a320 p. :
_c23 cm
650 _aEnglish Language
942 _2ddc
_cBK